Responses for Show #7053 - Wednesday, April 22, 2015

Contestants

[<< previous game]

Ashley Alley, an attorney from Alexandria, Virginia

Alex Schraff, a management consultant from Coral Springs, Florida

Michael Brady, a user experience designer from Norwood, Massachusetts (whose 1-day cash winnings total $15,601)

[next game >>]

Jeopardy! Round responses

AUTHORS: BORN & DIED
BUSINESS HISTORY
THE SPIN-OFF SOURCE
(Alex Trebek: You have to name the earlier show.)
NEW TO THE OED
SOJOURNER
TRUTH
    $200 5
Tom Clancy

Michael
    $200 12
the Hard Rock Cafe

Alex
    $200 19
Cheers

Michael
    $200 18
last call

Michael
    $200 3
(Ashley: Uh, who is Carson?)
(Alex Trebek: Be more specific.)
(Ashley: Uh... who's...)
(Alex Trebek: Oh, Alex or Michael? Alex?)
(Alex Schraff: What is Carson City?)
(Alex Trebek: No. We're going for the man, [beep] and the man is [*].)

Kit Carson

AlexAshley
Triple Stumper
    $200 24
free

Ashley
    $400 6
Sylvia Plath

Michael
    $400 11
Gibraltar

Alex
    $400 20
Breaking Bad

Alex
    $400 14
hashtag

Michael
    $400 4
Marco Polo

Michael
    $400 25
truthiness

Michael
    $600 7
(Gabriel García) Márquez

Michael
    $600 10
V8

Michael
    $600 23
Dora the Explorer

Michael
    $600 15
group of death

Triple Stumper
    $600 13
the Nile

Michael
    $2,000 26
Veritas

Michael
    $800 2
Ayn Rand

Alex
    $800 9
IKEA

Alex
    $800 22
The X-Files

Michael
    $800 17
first-world problem

Michael
    $800 30
(Michael: What is Kathmandu?)

Lhasa

MichaelAlex
    $800 27
(Alex Trebek: And that game show was called [*]. That's why I can't lie.)

To Tell the Truth

Triple Stumper
    $1000 1
Sinclair Lewis

Triple Stumper
    $1000 8
(Alex Schraff: What is Brillo?)

S.O.S pads

Alex
Triple Stumper
    $1000 21
Beverly Hills, 90210

Michael
    $1000 16
dreamcatcher

Michael
    $1000 29
(Ashley: Who is Livingstone?)
(Alex Schraff: Who is Lord Stanley?)

John Speke

AlexAshley
Triple Stumper
    $1000 28
facts

Alex

Scores at the first commercial break (after clue 15):

Michael Alex Ashley
$3,200 $1,000 -$200

Scores at the end of the Jeopardy! Round:

Michael Alex Ashley
$9,400 $2,200 -$1,000

Double Jeopardy! Round responses

VOLCANOES
THE 4 SEASONS-ISH
DEDICATIONS
IRISH SONGS
CROSSWORD CLUES "A"
SOJOURNER TRUTH
    $400 20
(Alex Schraff: What is pumice?)

ash

MichaelAlex
    $400 11
spring chicken

Michael
    $400 17
King James

Michael
    $400 6
"When Irish Eyes Are Smiling"

Ashley
    $400 1
azure

Michael
    $800 21
Mount Ararat

Alex
    $800 12
(Michael: What is nuclear winter?)

fallout

MichaelAshley
    $1,000 18
(Michael: What is... Berlin?)
(Alex Trebek: No. When you think of Bach and concertos, you should think immediately of the [*] concertos. But you lost just $1,000.)

Brandenburg

Michael
    $800 5
"Finnegan's Wake"

Michael
    $800 7
Acropolis

Alex
    $800 28
Frederick Douglass

Alex
    $1200 22
the Appenines

Alex
    $1200 13
The Winter Soldier

Michael
    $1200 19
Lemony Snicket

Triple Stumper
    $1200 4
my wild Irish Rose

Triple Stumper
    $1200 8
aerie

Michael
    $1200 27
photographs of Sojourner

Triple Stumper
    $1600 23
Mount Pinatubo

Triple Stumper
    $1600 14
summer stock

Ashley
    $1600 26
Leningrad

Ashley
    $1600 3
a lullaby

Michael
    $1600 29
(Michael: What is artillery?)
[The end-of-round-signal sounds.]

ammunition

MichaelAlex
    $1600 10
Jim Crow

Michael
    $2000 24
(Alex Trebek: Less than a minute to go now, Alex.)

Mount Erebus

Triple Stumper
    $1,700 15
the springbok

Ashley
    $2000 25
(Pablo) Neruda

Michael
    $2000 2
Harrigan

Triple Stumper
    $2000 16
(Ashley: What is an adze?)

auger

MichaelAshley
    $2000 9
ain't I a woman?

Triple Stumper

Scores at the end of the Double Jeopardy! Round:

Michael Alex Ashley
$18,000 $7,000 $3,100
(lock game)

[wagering suggestions for these scores]

Final Jeopardy! Round responses

AMERICAN POETRY
(Alex Trebek: If you travel to New York City, you can visit the place and read the poem.)
...
[Michael was incorrectly announced as having a 2-day total of $33,601 instead of $33,602.]
AshleyWhat is the Rime of the Ancien
$3,000
AlexWhat is Colossus?
$799
MichaelWhat is The New Colossus
$1
"The New Colossus"

Final scores:

Michael Alex Ashley
$18,001 $6,201 $100
2-day champion: $33,602 2nd place: $2,000 3rd place: $1,000

Game dynamics:

Coryat scores:

Michael Alex Ashley
$17,600 $7,000 $3,400
27 R
(including 1 DD),
4 W
(including 1 DD)
12 R,
4 W
6 R
(including 1 DD),
3 W

Combined Coryat: $28,000

[game clues] [game scores] [suggest correction]

Game tape date: Unknown
The J! Archive is created by fans, for fans. Scraping, republication, monetization, and malicious use prohibited; this site may use cookies and collect identifying information. See terms. The Jeopardy! game show and all elements thereof, including but not limited to copyright and trademark thereto, are the property of Jeopardy Productions, Inc. and are protected under law. This website is not affiliated with, sponsored by, or operated by Jeopardy Productions, Inc. Join the discussion at JBoard.tv.